| 000 | 00637nam a2200229Ia 4500 | ||
|---|---|---|---|
| 003 | OSt | ||
| 005 | 20220926045002.0 | ||
| 006 | a|||||r|||| 00| 0 | ||
| 007 | ta | ||
| 008 | 220923b |||||||| |||| 00| 0 eng d | ||
| 037 | _cGeneral Book | ||
| 040 |
_aRTL _cRTL _beng |
||
| 041 |
_2eng _aeng |
||
| 082 | _aX9:9582.2.N61t, K4/GD | ||
| 110 |
_aINDIA, BONUS(Comm.). (Chairman. M.R.Mehar) _9349659 |
||
| 245 | 0 | _aReport.,1964 | |
| 260 | _c1964 | ||
| 300 |
_a154p. _ccm. |
||
| 700 |
_aINDIA, BONUS(Comm.). (Chairman. M.R.Mehar) _9349660 |
||
| 942 |
_hX9:9582.2.N61t, K4/GD _cGB _2CC |
||
| 999 |
_c676361 _d676361 |
||